[Event "Asian-ch Amateur"]
[Site "Isfahan"]
[Date "2016.11.18"]
[Round "9.5"]
[White "Roohparvar, A Reza"]
[Black "Hashemzadeh, Ali"]
[Result "1-0"]
[WhiteElo "2083"]
[BlackElo "1830"]
[PlyCount "99"]
[EventDate "2016.11.12"]
[EventType "swiss"]
[EventRounds "9"]
[EventCountry "IRI"]
[SourceTitle "EXT 2024"]
[Source "ChessBase"]
[SourceDate "2023.10.10"]
[SourceVersion "1"]
[SourceVersionDate "2023.10.10"]
[SourceQuality "1"]

1. e4 c6 2. d4 d5 3. exd5 cxd5 4. Bd3 Nc6 5. c3 Nf6 6. Bf4 Qa5 7. Nf3 Bg4 8. Qb3 0-0-0 9. Nbd2 Ne4 10. Nxe4 Bxf3 11. Nc5 Qb6 12. gxf3 e5 13. Be3 Bxc5 14. dxc5 Qc7 15. 0-0-0 g6 16. Rhe1 f5 17. Bh6 e4 18. Bb5 Na5 19. Qa4 a6 20. Be2 Nc6 21. f4 Rd7 22. Rd2 Re8 23. Red1 e3 24. fxe3 Rxe3 25. Qc2 d4 26. Bg5 h6 27. Bxh6 Rh7 28. Bg5 dxc3 29. Rd3 cxb2+ 30. Qxb2 Rxd3 31. Bxd3 Qa5 32. Kb1 Rh3 33. Qb3 Kb8 34. Qb6 Qa3 35. Bc4 Rxh2 36. Re1 Ka8 37. Bf6 Nb8 38. Be5 Nc6 39. Bb2 Rxb2+ 40. Qxb2 Qxc5 41. Bb3 Nb4 42. Qe5 Qxe5 43. fxe5 Nc6 44. e6 Ne7 45. Rd1 f4 46. Rd7 Nf5 47. e7 Ng7 48. e8Q+ Nxe8 49. Rd8+ Ka7 50. Rxe8 1-0